000 00708nam a2200217Ia 4500
003 IN-BaIIA
008 211028s9999 xx 000 0 eng d
040 _cIIA Library
080 _a52-735
_bXRA
245 0 _aX-ray astronomy with EXOSAT
_cedited by R. Pallavicini and N. E. White
260 _aItaly
_bMemorie della Societa Astronomica Italiana
_c1988
300 _a290p.
650 _aEXOSAT observations
_931649
650 _aEXOSAT satellite
_931650
650 _aX-Ray astronomy
_97473
650 _aX-Ray binaries
_914395
650 _aX-Ray stars
_931651
700 _aPallavicini, R., ed.
_916236
700 _aWhite, N. E., ed.
_931652
942 _cBK
999 _c16927
_d16927